[Event "5th European Individual Chess "]
[Site "Justiniano Hotel Belek, Turke"]
[Date "2004.05.29"]
[Round "13.23"]
[White "Klinova, Masha"]
[Black "Haznedaroglu, Kivanc"]
[Result "0-1"]
[WhiteElo "2436"]
[BlackElo "2395"]
[PlyCount "149"]
[EventDate "2004.05.15"]

1. e4 c6 2. d4 d5 3. Nc3 dxe4 4. Nxe4 Bf5 5. Ng3 Bg6 6. h4 h6 7. N1e2 Nf6 8.
Nf4 Bh7 9. Be2 e6 10. Be3 Nbd7 11. O-O Bd6 12. h5 Qc7 13. Qd2 O-O-O 14. c4 e5
15. c5 Nxc5 16. dxc5 exf4 17. cxd6 Rxd6 18. Bxf4 Rxd2 19. Bxd2 Re8 20. Rfe1 Kb8
21. Bf3 Rxe1+ 22. Rxe1 Qd6 23. Bc3 Kc8 24. a3 Bc2 25. Re2 Bb3 26. Nf5 Qf4 27.
Nxg7 Bd1 28. Bd2 Qa4 29. Re1 Bxf3 30. gxf3 Qb5 31. Bxh6 Nxh5 32. Nxh5 Qxh5 33.
Be3 Qxf3 34. Bxa7 Qg4+ 35. Kf1 Qc4+ 36. Kg1 Qg4+ 37. Kf1 Qh3+ 38. Kg1 Qh8 39.
b4 Qg7+ 40. Kf1 Qc3 41. Re3 Qc4+ 42. Ke1 f5 43. Bc5 Kd8 44. Kd2 f4 45. Rd3+ Kc7
46. Rc3 Qa2+ 47. Kc1 b6 48. Bd4 Qd5 49. Bf6 Qh1+ 50. Kb2 Kd6 51. Rc2 Kd5 52.
Rd2+ Kc4 53. Bd4 Kb5 54. Be5 Qe4 55. Bc7 Qe7 56. Bd6 Qf6+ 57. Kb3 Qe6+ 58. Kb2
Ka4 59. Kc3 Qb3+ 60. Kd4 Qd5+ 61. Kc3 Qf3+ 62. Kd4 Qxa3 63. Ke4 Qc3 64. Rd4
Qe1+ 65. Kf3 Qh1+ 66. Kxf4 Kb5 67. Rd3 Kc4 68. Rg3 Qh4+ 69. Ke5 Qd4+ 70. Ke6
Qxf2 71. Rg4+ Kb3 72. Rf4 Qe3+ 73. Kd7 c5 74. bxc5 bxc5 75. Kc6 0-1

[Event "5th European Individual Chess "]
[Site "Justiniano Hotel Belek, Turke"]
[Date "2004.05.29"]
[Round "13.24"]
[White "Erdogdu, Mert"]
[Black "Jonkman, Harmen"]
[Result "1-0"]
[WhiteElo "2369"]
[BlackElo "2421"]
[PlyCount "153"]
[EventDate "2004.05.15"]

1. e4 e5 2. Nf3 Nc6 3. Bb5 Nf6 4. d3 Bc5 5. Be3 Qe7 6. Nc3 Nd4 7. Bc4 d6 8. h3
Be6 9. O-O O-O 10. Nd2 a6 11. a4 Rad8 12. Bxe6 fxe6 13. Ne2 Nxe2+ 14. Qxe2 Bxe3
15. fxe3 d5 16. exd5 exd5 17. Rf5 g6 18. Rf2 e4 19. Raf1 exd3 20. Qxd3 c6 21.
Qc3 Nd7 22. e4 Rxf2 23. Rxf2 Nc5 24. exd5 Rxd5 25. Qg3 Kg7 26. b3 Qe5 27. Qf3
Qa1+ 28. Nf1 Rf5 29. Qe3 Rxf2 30. Kxf2 Qf6+ 31. Kg1 Ne6 32. Nd2 Nd4 33. Qd3 h5
34. b4 h4 35. Ne4 Qe5 36. c3 Nf5 37. Qd7+ Kh6 38. Qd2+ Kg7 39. Ng5 Qd6 40. Qe1
a5 41. Ne6+ Kf7 42. Ng5+ Kg7 43. Ne6+ Kg8 44. Nc5 axb4 45. cxb4 b6 46. Qe8+ Kg7
47. Qd7+ Kh6 48. Qxd6 Nxd6 49. Nd7 Nc4 50. Kf2 Kg7 51. Nb8 Kf6 52. Nxc6 g5 53.
a5 bxa5 54. bxa5 g4 55. a6 gxh3 56. gxh3 Nb6 57. a7 Na8 58. Nd4 Ke5 59. Nf3+
Kd5 60. Nxh4 Kc6 61. Nf5 Kb7 62. Ke3 Kxa7 63. Ke4 Nb6 64. Ke5 Nc4+ 65. Kf6 Nd2
66. h4 Ne4+ 67. Kg6 Nf2 68. Ne3 Nd3 69. Kf5 Nc5 70. h5 Nd7 71. h6 Nf8 72. Kf6
Kb7 73. Nd5 Kc6 74. Kf7 Nh7 75. Nf4 Kd6 76. Kg7 Ng5 77. Kg6 1-0

[Event "5th European Individual Chess "]
[Site "Justiniano Hotel Belek, Turke"]
[Date "2004.05.29"]
[Round "13.25"]
[White "Neubauer, Martin"]
[Black "Iotov, Valentin"]
[Result "1/2-1/2"]
[WhiteElo "2418"]
[BlackElo "2342"]
[PlyCount "109"]
[EventDate "2004.05.15"]

1. e4 c5 2. Nf3 e6 3. c3 Nf6 4. e5 Nd5 5. d4 cxd4 6. cxd4 d6 7. Bc4 Nb6 8. Bb3
dxe5 9. Nxe5 Nc6 10. Nf3 Be7 11. Nc3 O-O 12. O-O Bf6 13. Be3 Nd5 14. Ne4 b6 15.
a3 Bb7 16. Qd3 Nce7 17. Bc2 Ng6 18. Rac1 Be7 19. Neg5 Nf6 20. h4 Qd5 21. Bb3
Qd6 22. Rfd1 Bd5 23. Bc2 Ng4 24. Ne5 Nxe3 25. Qxe3 Bxg5 26. hxg5 Rac8 27. Bb1
Bb7 28. f3 Rfd8 29. Rxc8 Rxc8 30. Bxg6 hxg6 31. Qf4 Qe7 32. Kh2 Bc6 33. Kg3 Be8
34. Rh1 f6 35. gxf6 Qxf6 36. Qe3 g5 37. Re1 Rc2 38. Ng4 Qe7 39. Qxe6+ Qxe6 40.
Rxe6 Bd7 41. Re7 Bxg4 42. Kxg4 Rxg2+ 43. Kf5 Rxb2 44. Rxa7 Rf2 45. Kg6 Rxf3 46.
Rxg7+ Kf8 47. Rb7 g4 48. Rxb6 g3 49. Rb1 Rxa3 50. Kf6 Ra6+ 51. Ke5 g2 52. d5
Rg6 53. Rg1 Ke7 54. Kf5 Rg8 55. Kf4 1/2-1/2

[Event "5th European Individual Chess "]
[Site "Justiniano Hotel Belek, Turke"]
[Date "2004.05.29"]
[Round "13.26"]
[White "Aleskerov, Faik"]
[Black "Kristjansson, Stefan"]
[Result "0-1"]
[WhiteElo "2167"]
[BlackElo "2404"]
[PlyCount "110"]
[EventDate "2004.05.15"]

1. d4 Nf6 2. Nf3 e6 3. e3 c5 4. Bd3 b6 5. O-O Bb7 6. Nbd2 Be7 7. c3 d6 8. e4
O-O 9. Qe2 cxd4 10. cxd4 Nbd7 11. e5 dxe5 12. dxe5 Nd5 13. Ne4 Nb4 14. Bc4 Rc8
15. a3 Bd5 16. Bxd5 Nxd5 17. Ng3 Qc7 18. h4 Qc4 19. h5 Qxe2 20. Nxe2 Rc4 21.
Rd1 Rfc8 22. Nf4 Nxf4 23. Bxf4 Nb8 24. Be3 h6 25. Kf1 Kf8 26. Rac1 Ke8 27. Ke2
Rxc1 28. Rxc1 Rxc1 29. Bxc1 Kd7 30. Kd3 Kc6 31. Nd4+ Kd5 32. f4 Nd7 33. b4 a6
34. Nc2 a5 35. Bd2 axb4 36. axb4 f6 37. exf6 Nxf6 38. Ne3+ Kc6 39. g4 Kb5 40.
Nc2 Nxg4 41. Nd4+ Ka4 42. Nxe6 Bxb4 43. Bxb4 Kxb4 44. Nxg7 b5 45. Nf5 Ka3 46.
Nd4 b4 47. Kc4 Ka4 48. f5 Nf6 49. Kd3 Nxh5 50. Kc2 Nf6 51. Kb2 h5 52. Nf3 Ne4
53. Nh4 b3 54. Nf3 Kb4 55. Nh4 Nd6 0-1

[Event "5th European Individual Chess "]
[Site "Justiniano Hotel Belek, Turke"]
[Date "2004.05.29"]
[Round "13.27"]
[White "Thorfinnsson, Bjorn"]
[Black "Mazi, Leon"]
[Result "0-1"]
[WhiteElo "2345"]
[BlackElo "2417"]
[PlyCount "58"]
[EventDate "2004.05.15"]

1. d4 Nf6 2. c4 d6 3. Nc3 e5 4. Nf3 Nbd7 5. Bg5 h6 6. Bh4 c6 7. e3 Be7 8. Qc2
O-O 9. Rd1 Qa5 10. g4 exd4 11. Nxd4 Ne5 12. h3 Re8 13. Be2 Bd7 14. Rg1 Rad8 15.
g5 hxg5 16. Bxg5 Nh7 17. h4 Bc8 18. Bh6 Bf8 19. Kd2 d5 20. f4 Nxc4+ 21. Bxc4
dxc4 22. Rxg7+ Bxg7 23. Rg1 Bf5 24. Rxg7+ Kh8 25. Qd1 Bg6 26. Qg4 Nf6 27. Qg1
Qf5 28. Kc1 Rxd4 29. Rxg6 Qxg6 0-1

[Event "5th European Individual Chess "]
[Site "Justiniano Hotel Belek, Turke"]
[Date "2004.05.29"]
[Round "13.30"]
[White "Bakalarz, Mieczyslaw"]
[Black "Idrizaj, Abedin"]
[Result "1-0"]
[WhiteElo "2333"]
[BlackElo "2249"]
[PlyCount "55"]
[EventDate "2004.05.15"]

1. d4 d5 2. Nf3 Nf6 3. Bg5 e6 4. e3 Be7 5. Nbd2 h6 6. Bh4 b6 7. Ne5 Bb7 8. c3
O-O 9. Bd3 Ne4 10. Bxe7 Qxe7 11. O-O Nd7 12. Nxd7 Qxd7 13. f4 Nxd2 14. Qxd2 f5
15. Kh1 a5 16. Qe2 c5 17. Rg1 c4 18. Bc2 g6 19. g4 Kf7 20. Rg3 Qe7 21. Rag1 Rg8
22. gxf5 exf5 23. Bxf5 Qf6 24. Bxg6+ Ke7 25. Qh5 Kd6 26. Bf7 Rxg3 27. Rxg3 Ke7
28. Bxd5 1-0

[Event "5th European Individual Chess "]
[Site "Justiniano Hotel Belek, Turke"]
[Date "2004.05.29"]
[Round "13.32"]
[White "Drabke, Lorenz"]
[Black "Demirel, Tolga"]
[Result "1-0"]
[WhiteElo "2453"]
[BlackElo "2183"]
[PlyCount "69"]
[EventDate "2004.05.15"]

1. e4 e5 2. Nf3 Nc6 3. Nc3 Nf6 4. Bb5 Bb4 5. O-O O-O 6. d3 d6 7. Bg5 Bxc3 8.
bxc3 Ne7 9. Nh4 Nd7 10. d4 f6 11. Be3 Nb6 12. g3 Be6 13. Qe2 g5 14. Ng2 Ng6 15.
f4 gxf4 16. gxf4 f5 17. exf5 Bxf5 18. fxe5 dxe5 19. Bh6 Rf7 20. dxe5 Qe7 21.
Rae1 c6 22. Bd3 Qe6 23. Qh5 Bxd3 24. Rxf7 Qxf7 25. cxd3 Qxa2 26. c4 Qc2 27. Nf4
Qc3 28. Re4 Qc1+ 29. Kf2 Qb2+ 30. Kg3 Qb1 31. Qf5 Qg1+ 32. Ng2 Re8 33. e6 Re7
34. Rg4 Nc8 35. Qf8# 1-0

[Event "5th European Individual Chess "]
[Site "Justiniano Hotel Belek, Turke"]
[Date "2004.05.29"]
[Round "13.33"]
[White "Erturan, Yakup"]
[Black "Mamedjarova, Zeinab"]
[Result "1/2-1/2"]
[WhiteElo "2273"]
[BlackElo "2343"]
[PlyCount "101"]
[EventDate "2004.05.15"]

1. e4 d5 2. exd5 Nf6 3. d4 Nxd5 4. Nf3 Bg4 5. c4 Nb6 6. c5 N6d7 7. Nc3 e6 8. h3
Bxf3 9. Qxf3 c6 10. Be3 Be7 11. Bd3 Nxc5 12. Bxh7 Ncd7 13. Bc2 Nf6 14. O-O Nbd7
15. Rfe1 Qa5 16. Rad1 O-O-O 17. a3 Qh5 18. Qg3 Qh4 19. Qxh4 Rxh4 20. Bg5 Rh5
21. Bf4 Nb6 22. Bb3 Nfd5 23. Be5 Nxc3 24. bxc3 Bxa3 25. Bxg7 Rg8 26. Be5 Rxh3
27. Bg3 Rh5 28. Re3 Rgh8 29. Kf1 Rh1+ 30. Ke2 Rxd1 31. Kxd1 Rh1+ 32. Ke2 Kd7
33. Rf3 Rh7 34. Bc2 Rg7 35. Be5 Rxg2 36. Rxf7+ Be7 37. Rh7 Rg1 38. Rh8 Nd5 39.
Rb8 Nxc3+ 40. Kd3 Nd5 41. Rxb7+ Kc8 42. Rxa7 Nb4+ 43. Kd2 Bg5+ 44. f4 Bxf4+ 45.
Bxf4 Rg2+ 46. Kc3 Nd5+ 47. Kb3 Nxf4 48. Be4 Rg3+ 49. Kc4 Ne2 50. Bd3 Nf4 51.
Be4 1/2-1/2

[Event "5th European Individual Chess "]
[Site "Justiniano Hotel Belek, Turke"]
[Date "2004.05.29"]
[Round "13.35"]
[White "Mamedjarova, Turkan"]
[Black "Makolli, Perparim"]
[Result "1/2-1/2"]
[WhiteElo "2191"]
[BlackElo "2228"]
[PlyCount "114"]
[EventDate "2004.05.15"]

1. d4 Nf6 2. Nf3 e6 3. Bf4 b6 4. e3 Bb7 5. Bd3 Ne4 6. Nbd2 Nxd2 7. Qxd2 Be7 8.
e4 d6 9. c3 Nd7 10. h4 c5 11. Rd1 a6 12. Bc2 Nf6 13. dxc5 dxc5 14. Qxd8+ Rxd8
15. Rxd8+ Bxd8 16. Nd2 O-O 17. f3 Be7 18. g4 Nd7 19. Ke2 b5 20. h5 e5 21. Be3
Rc8 22. Nf1 c4 23. Ng3 g6 24. h6 f6 25. Rd1 Nf8 26. Nf1 Kf7 27. f4 exf4 28.
Bxf4 Ne6 29. Bg3 Nc5 30. e5 fxe5 31. Bxe5 Re8 32. Kf2 Be4 33. Bxe4 Nxe4+ 34.
Kf3 Ng5+ 35. Kg3 Bf8 36. Bf4 Bxh6 37. Ne3 Ne4+ 38. Kf3 Bxf4 39. Kxf4 Nc5 40.
Kf3 Nd3 41. b3 Rd8 42. Kg3 Re8 43. Kf3 Rc8 44. bxc4 Ne5+ 45. Ke4 Nxc4 46. Nd5
Re8+ 47. Kd4 Rd8 48. Kc5 Rc8+ 49. Kd4 Nb2 50. Rf1+ Kg7 51. Ke5 Re8+ 52. Kd4 Nc4
53. Nc7 Re2 54. Nxa6 Rxa2 55. Nc7 Re2 56. Nxb5 Ne5 57. Rf4 h5 1/2-1/2

[Event "5th European Individual Chess "]
[Site "Justiniano Hotel Belek, Turke"]
[Date "2004.05.29"]
[Round "13.36"]
[White "Bente, Bjoern"]
[Black "Goksel, Doga Cihan"]
[Result "0-1"]
[WhiteElo "2219"]
[BlackElo "2130"]
[PlyCount "108"]
[EventDate "2004.05.15"]

1. d4 Nf6 2. c4 c6 3. Nf3 d5 4. e3 e6 5. Nbd2 c5 6. b3 Nc6 7. Bb2 Bd6 8. Bd3
O-O 9. O-O b6 10. cxd5 exd5 11. e4 cxd4 12. exd5 Nxd5 13. Nxd4 Nxd4 14. Bxd4
Bxh2+ 15. Kxh2 Qh4+ 16. Kg1 Qxd4 17. Nf3 Qc5 18. Rc1 Qa5 19. Ne5 Nf6 20. Qf3
Be6 21. Nc6 Qxa2 22. Bc4 Bxc4 23. Rxc4 Qb2 24. Qd3 Rfe8 25. b4 Qe2 26. Qxe2
Rxe2 27. b5 h5 28. Ra1 Ng4 29. f3 Rxg2+ 30. Kh1 Ne3 31. Re4 Re2 32. Rg1 a5 33.
Ne7+ Kf8 34. Nf5 Re8 35. Rxe8+ Kxe8 36. Nxg7+ Kd7 37. Nxh5 Nc2 38. Rd1+ Kc7 39.
Rd3 Nb4 40. Rc3+ Kd6 41. Nf6 Ke7 42. Ne4 f5 43. Ng5 Re5 44. Rc7+ Kd6 45. Rf7
Rxb5 46. Ra7 Nc6 47. Ra8 Rb2 48. f4 b5 49. Rf8 a4 50. Rxf5 a3 51. Ne4+ Ke6 52.
Rf6+ Kd7 53. Rf7+ Kd8 54. Nc3 b4 0-1

[Event "5th European Individual Chess "]
[Site "Justiniano Hotel Belek, Turke"]
[Date "2004.05.29"]
[Round "13.37"]
[White "Yeke, Serkan"]
[Black "Kose, Serkan"]
[Result "1-0"]
[WhiteElo "2238"]
[BlackElo "2244"]
[PlyCount "67"]
[EventDate "2004.05.15"]

1. f4 d5 2. Nf3 Nf6 3. e3 c5 4. b3 Nc6 5. Bb2 Bg4 6. h3 Bf5 7. g4 Be4 8. d3
Bxf3 9. Qxf3 e6 10. Bg2 Qb6 11. O-O O-O-O 12. Nd2 Be7 13. Kh1 Rhg8 14. a3 g6
15. Qg3 h5 16. g5 h4 17. Qxh4 Nh5 18. Nf3 Bd6 19. Ne5 Ne7 20. e4 Rdf8 21. Qg4
Bxe5 22. Bxe5 f6 23. gxf6 Nxf6 24. Qg5 Rh8 25. Bxf6 Rh5 26. Bxe7 Rxg5 27. Bxg5
Qd6 28. exd5 exd5 29. Rae1 Rh8 30. Re5 b6 31. Rfe1 Qd7 32. Kh2 d4 33. Re7 Qf5
34. Rxa7 1-0